[Event "14th EUR-ch"]
[Site "Legnica POL"]
[Date "2013.05.05"]
[Round "1"]
[White "Wolff, Peter"]
[Black "Zontakh, Andriy"]
[Result "0-1"]
[WhiteElo "1962"]
[BlackElo "2521"]
[EventDate "2013.05.05"]
[PlyCount "118"]

1.c4 Nf6 2.g3 e6 3.Bg2 d5 4.Nf3 dxc4 5.Na3 Bxa3 6.bxa3 O-O 7.Bb2 Nbd7 8.
Qc2 a6 9.Qxc4 b5 10.Qh4 Bb7 11.O-O c5 12.d3 Rc8 13.Rfc1 Qb6 14.Rc2 Rfe8 
15.Rac1 e5 16.Bh3 Rcd8 17.Ng5 h6 18.Ne4 Bxe4 19.Bxd7 Rxd7 20.dxe4 c4 21.
Kg2 Qe6 22.a4 Rc8 23.axb5 axb5 24.f3 b4 25.Qh3 Qxh3+ 26.Kxh3 c3 27.Ba1 Ra8
28.Rb1 Ra4 29.Rb3 Rda7 30.Bxc3 bxc3 31.Rbxc3 Rxa2 32.Rc8+ Kh7 33.Kg2 g5 
34.h3 Kg7 35.Kf2 Rxc2 36.Rxc2 Ra5 37.Rb2 Nd7 38.g4 Nc5 39.Rc2 Kg6 40.Rb2 
h5 41.Rc2 h4 42.Rb2 Ne6 43.e3 Nc5 44.Rd2 f6 45.Ke2 Kf7 46.Kf2 Rb5 47.Ke2 
Na4 48.Kd3 Rb3+ 49.Ke2 Ke7 50.Rc2 Rb2 51.Kd2 Kd6 52.Kc1 Rxc2+ 53.Kxc2 Kc5 
54.Kb3 Kb5 55.Kc2 Kc4 56.Kd2 Nc3 57.Kc2 Ne2 58.Kd2 Ng1 59.f4 Nxh3 0-1

[Event "14th EUR-ch"]
[Site "Legnica POL"]
[Date "2013.05.05"]
[Round "1"]
[White "Bukavshin, Ivan"]
[Black "Guzewicz, Rafal"]
[Result "1-0"]
[WhiteElo "2520"]
[BlackElo "1942"]
[EventDate "2013.05.05"]
[PlyCount "51"]

1.d4 d5 2.c4 c6 3.Nc3 dxc4 4.e4 b5 5.a4 b4 6.Nb1 Ba6 7.Qc2 Nf6 8.Nd2 e6 9.
Bxc4 Bxc4 10.Nxc4 c5 11.dxc5 Bxc5 12.Nf3 Qc7 13.O-O Nbd7 14.e5 Nd5 15.Qe4 
Rc8 16.Qg4 Kf8 17.Bd2 N7b6 18.Nxb6 Qxb6 19.Rac1 h6 20.Qh4 Ne7 21.Rfd1 Nf5 
22.Qe4 Ke7 23.Rxc5 Rxc5 24.Bxb4 Rd8 25.Rc1 Rd4 26.Qxd4 1-0

[Event "14th EUR-ch"]
[Site "Legnica POL"]
[Date "2013.05.05"]
[Round "1"]
[White "Skytte, Torill"]
[Black "Dragun, Kamil"]
[Result "0-1"]
[WhiteElo "1922"]
[BlackElo "2520"]
[EventDate "2013.05.05"]
[PlyCount "48"]

1.d4 Nf6 2.Nf3 c5 3.e3 g6 4.Nbd2 Bg7 5.b3 O-O 6.Bb2 Nc6 7.Be2 cxd4 8.exd4 
Nd5 9.O-O Nf4 10.Re1 Nxe2+ 11.Qxe2 d5 12.Ne5 Nxe5 13.dxe5 Qc7 14.c4 dxc4 
15.Nxc4 Be6 16.Rac1 Rfd8 17.h3 Qd7 18.Bc3 Qb5 19.Na5 Qxe2 20.Rxe2 Rac8 21.
g4 b6 22.Nc4 Bxc4 23.bxc4 Rxc4 24.Kg2 Rdc8 0-1

[Event "14th EUR-ch"]
[Site "Legnica POL"]
[Date "2013.05.05"]
[Round "1"]
[White "Mastrovasilis, Athanasios"]
[Black "Zahariev, Ognyan"]
[Result "1-0"]
[WhiteElo "2514"]
[BlackElo "1913"]
[EventDate "2013.05.05"]
[PlyCount "46"]

1.c4 c5 2.Nc3 Nc6 3.g3 g6 4.Bg2 Bg7 5.Nf3 e5 6.d3 Nge7 7.Nd2 f5 8.Nf1 O-O 
9.Ne3 h6 10.Ned5 d6 11.a3 Rb8 12.Rb1 Nxd5 13.Nxd5 Be6 14.b4 b6 15.Qa4 Qd7 
16.Qxc6 Qd8 17.bxc5 bxc5 18.Rxb8 Qxb8 19.O-O Rf7 20.Bd2 Bf8 21.Qb5 Qc8 22.
Rb1 Kg7 23.f4 Kh7 1-0

[Event "14th EUR-ch"]
[Site "Legnica POL"]
[Date "2013.05.05"]
[Round "1"]
[White "Korcz, Daniel"]
[Black "Godena, Michele"]
[Result "0-1"]
[WhiteElo "1855"]
[BlackElo "2511"]
[EventDate "2013.05.05"]
[PlyCount "52"]

1.e4 e5 2.Nf3 Nc6 3.Bc4 Bc5 4.c3 Nf6 5.b4 Be7 6.d3 O-O 7.O-O d5 8.exd5 
Nxd5 9.Qc2 Bf5 10.Re1 Nb6 11.Nxe5 Nxc4 12.Nxc4 Bxd3 13.Qb3 Bf6 14.Bf4 b5 
15.Nb2 Bg6 16.Nd2 Nd4 17.cxd4 Qxd4 18.Bxc7 Qxb2 19.Qe3 Qxb4 20.Rac1 h6 21.
Rc6 Qb2 22.Ra6 Bd4 23.Qe2 Rae8 24.Qxe8 Rxe8 25.Rxe8+ Kh7 26.Nf3 Qxf2+ 0-1

[Event "14th EUR-ch"]
[Site "Legnica POL"]
[Date "2013.05.05"]
[Round "1"]
[White "Blubaum, Matthias"]
[Black "Szostko, Jakub"]
[Result "1-0"]
[WhiteElo "2511"]
[BlackElo "1850"]
[EventDate "2013.05.05"]
[PlyCount "95"]

1.Nf3 d5 2.c4 e6 3.d4 Nf6 4.g3 dxc4 5.Bg2 Nc6 6.Qa4 Nd7 7.Qxc4 Nb6 8.Qd3 
e5 9.Nxe5 Nb4 10.Qd1 Qxd4 11.Qxd4 Nc2+ 12.Kd1 Nxd4 13.e3 Ne6 14.Nc3 Bd6 
15.Nd3 c6 16.Ke2 Nc5 17.Rd1 Nxd3 18.Rxd3 Be7 19.e4 Bg4+ 20.f3 Be6 21.b3 f6
22.Be3 Kf7 23.Kf2 Rad8 24.Rxd8 Rxd8 25.Bf1 Bb4 26.Ne2 Nd7 27.Nf4 Bc5 28.
Nd3 Bxe3+ 29.Kxe3 Ne5 30.Nc5 b6 31.Nxe6 Kxe6 32.f4 Ng4+ 33.Ke2 f5 34.e5 g5
35.h3 Nh6 36.Ke3 g4 37.Rc1 c5 38.h4 Nf7 39.b4 Rc8 40.bxc5 bxc5 41.Bc4+ Ke7
42.Rd1 Rb8 43.Rd5 Rc8 44.Rd3 Rb8 45.Ra3 Nd8 46.Rxa7+ Rb7 47.Rxb7+ Nxb7 48.
Bd5 1-0

[Event "14th EUR-ch"]
[Site "Legnica POL"]
[Date "2013.05.05"]
[Round "1"]
[White "Gallagher, Joseph"]
[Black "Szonyi, Bence"]
[Result "1-0"]
[WhiteElo "2507"]
[BlackElo "1651"]
[EventDate "2013.05.05"]
[PlyCount "51"]

1.e4 e6 2.d4 d5 3.Nc3 Bb4 4.e5 Bxc3+ 5.bxc3 c5 6.Qg4 Ne7 7.Qxg7 Rg8 8.Qxh7
cxd4 9.cxd4 Qc7 10.Bd2 Nbc6 11.Nf3 Bd7 12.Qd3 Nf5 13.g3 Qb6 14.c3 O-O-O 
15.Rb1 Qc7 16.Bg5 Rdf8 17.h4 a6 18.Qxa6 f6 19.Qa8+ Nb8 20.Bf4 Qxc3+ 21.Nd2
Bc6 22.exf6 Kd7 23.Rxb7+ Bxb7 24.Qxb7+ Kd8 25.Qxb8+ Qc8 26.Bc7+ 1-0

[Event "14th EUR-ch"]
[Site "Legnica POL"]
[Date "2013.05.05"]
[Round "1"]
[White "D`Aste, Federico"]
[Black "Moiseenko, Olexandr"]
[Result "0-1"]
[WhiteElo "1501"]
[BlackElo "2698"]
[EventDate "2013.05.05"]
[PlyCount "66"]

1.e4 g6 2.d4 Bg7 3.Nc3 d6 4.Be3 a6 5.Nf3 b5 6.a3 Nd7 7.Be2 Bb7 8.O-O c5 9.
Nd5 e6 10.Nc3 Ngf6 11.e5 dxe5 12.dxe5 Ng4 13.Bg5 Qc7 14.Qd6 Qxd6 15.exd6 
f6 16.Bf4 Nh6 17.Rfe1 e5 18.Bf1 Nf5 19.Rad1 Bxf3 20.gxf3 Nd4 21.Bg2 Nxc2 
22.Re2 Nd4 23.Re3 O-O-O 24.Bg3 g5 25.Nd5 f5 26.Ne7+ Kb8 27.Rxd4 cxd4 28.
Nc6+ Kb7 29.Nxd8+ Rxd8 30.f4+ Kb6 31.Re2 d3 32.Re3 exf4 33.Re7 Bxb2 0-1

[Event "14th EUR-ch"]
[Site "Legnica POL"]
[Date "2013.05.06"]
[Round "2"]
[White "Gagunashvili, Merab"]
[Black "Tomashevsky, Evgeny"]
[Result "1/2-1/2"]
[WhiteElo "2592"]
[BlackElo "2719"]
[EventDate "2013.05.05"]
[PlyCount "304"]

1.d4 d5 2.Nf3 Nf6 3.c4 c6 4.e3 Bg4 5.h3 Bh5 6.cxd5 Bxf3 7.Qxf3 cxd5 8.Nc3 
Nc6 9.Bd3 e6 10.O-O Be7 11.Bd2 O-O 12.Rfc1 Qd6 13.Qd1 Rfc8 14.a3 e5 15.Nb5
Qd7 16.dxe5 Nxe5 17.Bc3 Nxd3 18.Qxd3 a6 19.Nd4 Ne4 20.Ne2 Rc6 21.Nf4 Rd8 
22.Ba5 b6 23.Rxc6 Qxc6 24.Bb4 Nc5 25.Qe2 Bg5 26.Nd3 Qb5 27.Rd1 Bf6 28.Qc2 
Qc4 29.Bc3 Ne4 30.Nf4 Nxc3 31.bxc3 d4 32.Nh5 d3 33.Nxf6+ gxf6 34.Qb2 b5 
35.Qb4 Rd5 36.Rd2 Kg7 37.g3 h5 38.h4 Rd7 39.Kh2 Rd8 40.Kg1 Rd5 41.Kh2 Rd7 
42.Kg1 f5 43.Kh2 f6 44.Kg1 Kf7 45.Kh2 Ke6 46.Qb2 a5 47.Kg1 Rd5 48.Kh2 Kd6 
49.Kg2 Kc5 50.f3 a4 51.Kf2 Qb3 52.Qa1 Kc4 53.Rb2 d2 54.Rxb3 axb3 55.Qd1 b2
56.Ke2 Rd3 57.a4 b1=Q 58.Qxb1 d1=Q+ 59.Qxd1 Rxd1 60.Kxd1 bxa4 61.Kc2 a3 
62.e4 fxe4 63.fxe4 a2 64.Kb2 a1=Q+ 65.Kxa1 Kxc3 66.Ka2 Kc2 67.Ka3 Kd3 68.
g4 hxg4 69.h5 g3 70.h6 g2 71.h7 g1=Q 72.h8=Q Qa1+ 73.Kb3 Qc3+ 74.Ka2 Qc4+ 
75.Ka3 Qc5+ 76.Ka2 Qa7+ 77.Kb2 Qd4+ 78.Kb3 Qc3+ 79.Ka2 Kxe4 80.Qh4+ Kd5 
81.Qh1+ Kc5 82.Qh8 Kd5 83.Qh1+ Kd4 84.Qh4+ Kd3 85.Qh3+ Kd2 86.Qg2+ Kd3 87.
Qf3+ Kc2 88.Qe4+ Kd1 89.Qg4+ Kc1 90.Qg1+ Kc2 91.Qc1+ Kd3 92.Qf1+ Ke4 93.
Qh1+ Qf3 94.Qh7+ f5 95.Kb2 Ke3 96.Qa7+ Ke2 97.Qa6+ Kf2 98.Qf6 f4 99.Kc2 
Qe2+ 100.Kb3 Qd3+ 101.Kb4 f3 102.Ka5 Ke1 103.Qa1+ Qd1 104.Qe5+ Kf1 105.Qh8
Qd5+ 106.Kb6 f2 107.Ka7 Qf7+ 108.Ka8 Kg2 109.Qb2 Kg3 110.Qe5+ Qf4 111.Qg7+
Kf3 112.Qc3+ Kg2 113.Qg7+ Qg3 114.Qb2 Qf3+ 115.Ka7 Qe3+ 116.Ka8 Qe4+ 117.
Ka7 Qg6 118.Ka8 Qc6+ 119.Ka7 Qd7+ 120.Ka8 Kg1 121.Qb6 Qd5+ 122.Ka7 Qe4 
123.Kb8 Kg2 124.Qb2 Qf5 125.Ka7 Qe6 126.Ka8 Kf3 127.Qc3+ Qe3 128.Qf6+ Qf4 
129.Qc3+ Qe3 130.Qf6+ Ke2 131.Qb2+ Kf1 132.Kb8 Qf4+ 133.Ka7 Qc7+ 134.Ka8 
Qc6+ 135.Ka7 Kg2 136.Kb8 Qd5 137.Ka7 Qc5+ 138.Ka8 Kf3 139.Qf6+ Ke4 140.
Qe6+ Kd4 141.Qf6+ Kc4 142.Qf4+ Kb5 143.Qb8+ Kc4 144.Qf4+ Qd4 145.Qc1+ Kb5 
146.Qb1+ Kc5 147.Qc2+ Kd6 148.Qg6+ Ke7 149.Qh7+ Kf8 150.Qf5+ Kg8 151.Qe6+ 
Kg7 152.Qe7+ Kg6 1/2-1/2

[Event "14th EUR-ch"]
[Site "Legnica POL"]
[Date "2013.05.06"]
[Round "2"]
[White "Vachier-Lagrave, Maxime"]
[Black "Babula, Vlastimil"]
[Result "1/2-1/2"]
[WhiteElo "2718"]
[BlackElo "2591"]
[EventDate "2013.05.05"]
[PlyCount "83"]

1.c4 Nf6 2.g3 c5 3.Bg2 d5 4.cxd5 Nxd5 5.Nf3 Nc6 6.O-O e5 7.Nc3 Be6 8.e3 
Be7 9.d4 exd4 10.exd4 O-O 11.Nxd5 Bxd5 12.dxc5 Bxc5 13.Bf4 Re8 14.Rc1 Bb6 
15.Rc3 Be4 16.Qa4 h6 17.Re1 Bxf3 18.Rxe8+ Qxe8 19.Rxf3 g5 20.Bd2 Ne5 21.
Qxe8+ Rxe8 22.Rf5 Nd3 23.Kf1 Nxb2 24.Bd5 Re7 25.h4 gxh4 26.gxh4 Nd3 27.Rf3
Nxf2 28.Bb4 Rd7 29.Rg3+ Kh7 30.Bc3 h5 31.Rg5 Be3 32.Rxh5+ Kg6 33.Re5 Bf4 
34.h5+ Kh6 35.Rf5 Nd1 36.Bd4 Ne3+ 37.Bxe3 Bxe3 38.Bxf7 Bg5 39.Bg6 Rd1+ 40.
Ke2 Rd2+ 41.Kf3 Rxa2 42.Rf7 1/2-1/2

[Event "14th EUR-ch"]
[Site "Legnica POL"]
[Date "2013.05.06"]
[Round "2"]
[White "Ipatov, Alexander"]
[Black "Nepomnyaschy, Yan"]
[Result "1/2-1/2"]
[WhiteElo "2588"]
[BlackElo "2710"]
[EventDate "2013.05.05"]
[PlyCount "89"]

1.c4 Nf6 2.Nc3 d5 3.cxd5 Nxd5 4.g3 e5 5.Bg2 Nb6 6.e3 Nc6 7.Nge2 Be7 8.O-O 
O-O 9.f4 f6 10.f5 Bd7 11.d4 exd4 12.exd4 Bd6 13.Ne4 Be8 14.Nxd6 Qxd6 15.
Bf4 Qe7 16.Nc3 Bf7 17.Re1 Qb4 18.d5 Ne5 19.Bxe5 fxe5 20.Qe2 Nc4 21.Rac1 
Nd6 22.Rf1 e4 23.Nxe4 Rae8 24.Rf4 Nxe4 25.Rxe4 Rxe4 26.Qxe4 Qxb2 27.Qc2 
Qd4+ 28.Qf2 Qe5 29.Qf4 Qxf4 30.gxf4 Rc8 31.d6 c6 32.Rb1 Bxa2 33.Rxb7 Rd8 
34.f6 gxf6 35.Rxa7 Be6 36.Bxc6 Rxd6 37.Be4 f5 38.Bc2 Rd2 39.Re7 Rxc2 40.
Rxe6 Rc4 41.Re7 Rxf4 42.Kg2 h6 43.Kg3 Rg4+ 44.Kf3 Rg7 45.Re5 1/2-1/2

[Event "14th EUR-ch"]
[Site "Legnica POL"]
[Date "2013.05.06"]
[Round "2"]
[White "Areschenko, Alexander"]
[Black "Iordachescu, Viorel"]
[Result "1-0"]
[WhiteElo "2709"]
[BlackElo "2582"]
[EventDate "2013.05.05"]
[PlyCount "97"]

1.e4 g6 2.d4 Bg7 3.Nc3 c6 4.f4 d5 5.e5 Nh6 6.Nf3 f6 7.Bd3 O-O 8.h3 fxe5 9.
fxe5 c5 10.dxc5 Nc6 11.O-O Nf7 12.Bb5 e6 13.Bf4 Qe7 14.Qe2 Qxc5+ 15.Be3 
Qe7 16.Bxc6 bxc6 17.Na4 Qb4 18.Nc5 Qxb2 19.Bd4 Qb5 20.Qe3 Rb8 21.g4 Qa5 
22.Rf2 Qd8 23.Raf1 a5 24.Kh1 Qe7 25.Nd3 Qd8 26.Bc5 Re8 27.Nd4 Rb7 28.Nxc6 
d4 29.Nxd4 Rd7 30.Nb5 Bb7+ 31.Kh2 Nxe5 32.Nxe5 Qb8 33.Re1 Rd5 34.Bd6 Rxd6 
35.Nxd6 Qxd6 36.c4 Rd8 37.Kg1 Ba8 38.Qg5 Rc8 39.Rd2 Qf8 40.Rd7 Qc5+ 41.Qe3
Bxe5 42.Qxc5 Rxc5 43.Rd8+ Kf7 44.Rxa8 Bd4+ 45.Kg2 Rxc4 46.Rxa5 Rc2+ 47.Kf3
Rc3+ 48.Ke4 e5 49.Rb1 1-0

[Event "14th EUR-ch"]
[Site "Legnica POL"]
[Date "2013.05.06"]
[Round "2"]
[White "Korobov, Anton"]
[Black "Kempinski, Robert"]
[Result "1-0"]
[WhiteElo "2705"]
[BlackElo "2580"]
[EventDate "2013.05.05"]
[PlyCount "133"]

1.d4 d6 2.Nf3 Nf6 3.c4 g6 4.Nc3 Bf5 5.Nh4 Bd7 6.g3 Bg7 7.Bg2 Nc6 8.f4 O-O 
9.O-O a6 10.Nf3 Na5 11.c5 Bf5 12.Qa4 c6 13.Nh4 b5 14.cxb6 Qxb6 15.Nxf5 
gxf5 16.e3 Rac8 17.Bd2 e6 18.b3 Nb7 19.Rfc1 Rfe8 20.Bf1 a5 21.Rab1 c5 22.
Qb5 Qa7 23.Qa6 Qb8 24.Nb5 cxd4 25.Nxd4 Ne4 26.Be1 Rc5 27.Rxc5 Nexc5 28.Qb6
Qa8 29.Rc1 Rc8 30.Nc6 Bf6 31.Bc3 Kg7 32.Bxf6+ Kxf6 33.Nd4 Nd7 34.Rxc8 Qxc8
35.Qc6 Qxc6 36.Nxc6 Ndc5 37.Kf2 Ne4+ 38.Ke1 Nc3 39.a3 Ne4 40.Bd3 Nec5 41.
Bc2 Nd7 42.Kd2 Nb6 43.Kc3 e5 44.b4 Nd5+ 45.Kd3 axb4 46.axb4 Nc7 47.Bb3 h6 
48.Ba2 exf4 49.exf4 d5 50.Bb3 Ke6 51.Nd4+ Kf6 52.b5 Nd6 53.b6 Na6 54.Kc3 
Nc5 55.Kb4 Nd7 56.Nb5 Ke7 57.Nxd6 Kxd6 58.b7 f6 59.Kb5 d4 60.Bc2 Kc7 61.
Bxf5 Nb8 62.Be4 d3 63.Bxd3 Kxb7 64.Kc5 Kc7 65.Bb5 Nd7+ 66.Bxd7 Kxd7 67.f5 
1-0

[Event "14th EUR-ch"]
[Site "Legnica POL"]
[Date "2013.05.06"]
[Round "2"]
[White "Brunello, Sabino"]
[Black "Eljanov, Pavel"]
[Result "0-1"]
[WhiteElo "2580"]
[BlackElo "2702"]
[EventDate "2013.05.05"]
[PlyCount "58"]

1.d4 d5 2.c4 c6 3.cxd5 cxd5 4.Bf4 Nc6 5.e3 Nf6 6.Nc3 Bg4 7.Qb3 Na5 8.Qa4+ 
Bd7 9.Qc2 e6 10.Nf3 Be7 11.Bd3 Nc6 12.a3 Nh5 13.Be5 f6 14.Bg3 f5 15.Be5 
O-O 16.h3 Nf6 17.g4 Ne4 18.gxf5 Rxf5 19.Nxe4 Rxf3 20.Nd2 Nxe5 21.dxe5 Rf8 
22.Bxh7+ Kh8 23.Ke2 Rc8 24.Qb1 d4 25.Bd3 dxe3 26.fxe3 Be8 27.Nf3 Bh5 28.
Be4 Qb6 29.Rg1 Rc4 0-1

[Event "14th EUR-ch"]
[Site "Legnica POL"]
[Date "2013.05.06"]
[Round "2"]
[White "Alexeev, Evgeny"]
[Black "Brkic, Ante"]
[Result "1/2-1/2"]
[WhiteElo "2700"]
[BlackElo "2575"]
[EventDate "2013.05.05"]
[PlyCount "80"]

1.e4 c5 2.Nf3 d6 3.d4 cxd4 4.Qxd4 Nf6 5.Bb5+ Bd7 6.c4 g6 7.Nc3 Bg7 8.O-O 
O-O 9.Qd3 a6 10.Bxd7 Nbxd7 11.Bd2 Qb8 12.a4 Rc8 13.Rfe1 Nc5 14.Qc2 b5 15.
axb5 axb5 16.Rxa8 Qxa8 17.b4 Na4 18.Nxb5 Nb6 19.e5 Rxc4 20.Qb3 Ne4 21.exd6
exd6 22.Be3 Qa4 23.Qxa4 Nxa4 24.Nd2 Rxb4 25.Nxe4 Rxe4 26.Nxd6 Re6 27.Nc4 
Nc3 28.g3 Re4 29.Nd2 Re6 30.Nf3 Nd5 31.Bd2 Rxe1+ 32.Nxe1 f5 33.Nd3 Kf7 34.
Kg2 Bd4 35.Kf3 Ke6 36.Nf4+ Nxf4 37.Bxf4 Bc5 38.Bd2 Bd4 39.Ke2 Kd5 40.Kf3 
Ke6 1/2-1/2

[Event "14th EUR-ch"]
[Site "Legnica POL"]
[Date "2013.05.06"]
[Round "2"]
[White "Kuljasevic, Davorin"]
[Black "Cheparinov, Ivan"]
[Result "1/2-1/2"]
[WhiteElo "2578"]
[BlackElo "2700"]
[EventDate "2013.05.05"]
[PlyCount "108"]

1.d4 Nf6 2.Nf3 e6 3.c4 c5 4.d5 exd5 5.cxd5 d6 6.e4 g6 7.Bd3 Bg7 8.O-O O-O 
9.Nbd2 Re8 10.Re1 Bg4 11.Rb1 Nbd7 12.Qc2 Rc8 13.b3 Bxf3 14.Nxf3 Ng4 15.h3 
Nge5 16.Nxe5 Bxe5 17.Be3 a6 18.a4 Qf6 19.Rbc1 Bb2 20.Rcd1 Bd4 21.Bf1 Bc3 
22.Bd2 Bd4 23.Be3 Bc3 24.Bd2 Bxd2 25.Qxd2 Re7 26.Re3 Rce8 27.Rde1 h5 28.g3
h4 29.Bg2 hxg3 30.Rxg3 Qh4 31.Rg4 Qh8 32.Qf4 Re5 33.Re3 Nf6 34.Rg5 Nh5 35.
Rxe5 Qxe5 36.Qxe5 Rxe5 37.a5 Nf4 38.Kh2 Kg7 39.Kg3 Nh5+ 40.Kg4 Nf6+ 41.Kg3
g5 42.Bf3 Kg6 43.Kg2 Re8 44.Kg3 Re5 45.Kg2 Re8 46.Kg3 Nd7 47.Bg4 Ne5 48.
Bf5+ Kf6 49.h4 gxh4+ 50.Kxh4 Rh8+ 51.Kg3 Rg8+ 52.Kh4 Rh8+ 53.Kg3 Rg8+ 54.
Kh4 Rh8+ 1/2-1/2

[Event "14th EUR-ch"]
[Site "Legnica POL"]
[Date "2013.05.06"]
[Round "2"]
[White "Moiseenko, Olexandr"]
[Black "Mista, Aleksander"]
[Result "1-0"]
[WhiteElo "2698"]
[BlackElo "2574"]
[EventDate "2013.05.05"]
[PlyCount "53"]

1.d4 d5 2.c4 dxc4 3.e4 Nf6 4.e5 Nd5 5.Bxc4 Nb6 6.Bd3 Nc6 7.Ne2 Bg4 8.Be3 
Qd7 9.Nbc3 O-O-O 10.a4 Nxe5 11.Be4 f5 12.a5 Nbc4 13.Bxb7+ Kxb7 14.Qb3+ Ka8
15.dxe5 Bxe2 16.Nxe2 Qd3 17.Qxd3 Rxd3 18.Nf4 Rd7 19.Ne6 Nxe5 20.Ke2 Rd6 
21.Nxc7+ Kb7 22.Rhc1 Nc6 23.Nb5 Re6 24.a6+ Kb8 25.Ra4 h5 26.Rac4 Rhh6 27.
Kf1 1-0

[Event "14th EUR-ch"]
[Site "Legnica POL"]
[Date "2013.05.06"]
[Round "2"]
[White "Kislinsky, Alexey"]
[Black "Almasi, Zoltan"]
[Result "0-1"]
[WhiteElo "2574"]
[BlackElo "2695"]
[EventDate "2013.05.05"]
[PlyCount "58"]

1.e4 e5 2.Nf3 Nc6 3.Bc4 Bc5 4.c3 Nf6 5.d4 exd4 6.e5 d5 7.Be2 Ne4 8.cxd4 
Bb6 9.Nc3 O-O 10.O-O Bg4 11.Be3 f5 12.exf6 Nxf6 13.Re1 Bxf3 14.Bxf3 Ne7 
15.Bf4 Nf5 16.Be5 c6 17.Rc1 Nd7 18.Na4 Nxe5 19.dxe5 Nh4 20.Rc3 Ba5 21.Bg4 
Bxc3 22.Nxc3 Qb6 23.Qe2 Rae8 24.e6 Nf5 25.Nd1 Rf6 26.Ne3 Nd4 27.Qd2 Nxe6 
28.Nf5 Qd8 29.g3 Nc5 0-1

[Event "14th EUR-ch"]
[Site "Legnica POL"]
[Date "2013.05.06"]
[Round "2"]
[White "Vallejo Pons, Francisco"]
[Black "Papp, Gabor"]
[Result "1/2-1/2"]
[WhiteElo "2695"]
[BlackElo "2570"]
[EventDate "2013.05.05"]
[PlyCount "93"]

1.e4 e5 2.Nf3 Nc6 3.Bb5 a6 4.Ba4 Nf6 5.d3 b5 6.Bb3 Bc5 7.Nc3 d6 8.Nd5 h6 
9.Nxf6+ Qxf6 10.Bd5 Bd7 11.Be3 Bxe3 12.fxe3 Rb8 13.O-O Nd8 14.Qe1 O-O 15.
d4 exd4 16.exd4 Qe7 17.e5 Bg4 18.Qg3 Bxf3 19.exd6 Qe3+ 20.Rf2 cxd6 21.c3 
b4 22.Qxf3 Qxf3 23.Rxf3 bxc3 24.bxc3 Re8 25.Raf1 Re2 26.Bc4 Rd2 27.Bb3 a5 
28.Re3 Ne6 29.Rf2 Rxf2 30.Kxf2 Re8 31.g3 Kf8 32.Ke2 Nc7 33.Kd3 Rxe3+ 34.
Kxe3 d5 35.Kd3 Ke7 36.c4 dxc4+ 37.Kxc4 Kd6 38.g4 g6 39.h4 f5 40.gxf5 gxf5 
41.Bd1 Nd5 42.Bf3 Nc7 43.a4 Ne6 44.Bd1 Nc7 45.Bf3 Ne6 46.Bd1 Nc7 47.Bf3 
1/2-1/2

[Event "14th EUR-ch"]
[Site "Legnica POL"]
[Date "2013.05.06"]
[Round "2"]
[White "Arizmendi Martinez, Julen Luis"]
[Black "Movsesian, Sergei"]
[Result "1/2-1/2"]
[WhiteElo "2571"]
[BlackElo "2693"]
[EventDate "2013.05.05"]
[PlyCount "41"]

1.d4 d5 2.c4 c6 3.Nf3 Nf6 4.Nc3 a6 5.e3 b5 6.b3 Bg4 7.Qc2 Bxf3 8.gxf3 Nbd7
9.f4 e6 10.c5 g6 11.Bd3 Bg7 12.Bb2 Ng8 13.Ne2 Ne7 14.h4 h5 15.Ng1 Nf5 16.
Nf3 Qe7 17.O-O-O Bf6 18.Ng5 Bg7 19.Nf3 Bf6 20.Ng5 Bg7 21.Nf3 1/2-1/2

[Event "14th EUR-ch"]
[Site "Legnica POL"]
[Date "2013.05.06"]
[Round "2"]
[White "Markowski, Tomasz"]
[Black "Sargissian, Gabriel"]
[Result "1/2-1/2"]
[WhiteElo "2567"]
[BlackElo "2667"]
[EventDate "2013.05.05"]
[PlyCount "106"]

1.d4 Nf6 2.Nf3 b6 3.Bg5 e6 4.e4 h6 5.Bxf6 Qxf6 6.Bd3 Bb7 7.O-O g6 8.Nc3 
Bg7 9.e5 Qe7 10.Be4 Bxe4 11.Nxe4 d5 12.Ng3 O-O 13.h4 c5 14.c3 Nc6 15.a3 f6
16.exf6 Qxf6 17.Qa4 Rac8 18.Rad1 Qf4 19.Rfe1 Rf6 20.Re3 Kh8 21.Qa6 Rc7 22.
Rde1 Qg4 23.dxc5 bxc5 24.Qe2 e5 25.Nxe5 Qxe2 26.R3xe2 Nxe5 27.Rxe5 Rb6 28.
Rxd5 Rxb2 29.h5 Bxc3 30.Rc1 Bd2 31.Rcxc5 Rxc5 32.Rxc5 Bf4 33.Nf1 gxh5 34.
Rxh5 Bg5 35.Rh3 Ra2 36.Rc3 Bf6 37.Rc8+ Kg7 38.Rc7+ Kg6 39.Rxa7 Bd4 40.Ra6+
Kg7 41.Ne3 Bxe3 42.fxe3 Re2 43.Ra8 Rxe3 44.Kf2 Rc3 45.a4 h5 46.Kg1 Ra3 47.
a5 h4 48.Kh2 Kh7 49.a6 Kg7 50.Kg1 Ra2 51.Kf1 Kh7 52.a7 Kg7 53.Ke1 Kh7 
1/2-1/2

[Event "14th EUR-ch"]
[Site "Legnica POL"]
[Date "2013.05.06"]
[Round "2"]
[White "Moranda, Wojciech"]
[Black "Ragger, Markus"]
[Result "0-1"]
[WhiteElo "2560"]
[BlackElo "2666"]
[EventDate "2013.05.05"]
[PlyCount "72"]

1.Nf3 Nf6 2.g3 d5 3.Bg2 c6 4.O-O Bg4 5.d3 Nbd7 6.Qe1 e5 7.e4 dxe4 8.dxe4 
Bc5 9.Nbd2 O-O 10.h3 Bh5 11.Nc4 Re8 12.a4 Nb6 13.Na5 Qc7 14.Nh4 Nfd7 15.b4
Bf8 16.c4 c5 17.b5 a6 18.Bd2 f6 19.Nf5 Nxa4 20.Rxa4 axb5 21.cxb5 b6 22.Qa1
bxa5 23.Ne3 Bf7 24.Rb1 Nb6 25.Rxa5 Qb7 26.Ra6 c4 27.Bb4 Nd7 28.Bxf8 Rxf8 
29.Rxa8 Rxa8 30.Qc3 Nb6 31.Rd1 Qc7 32.Qb4 c3 33.Rc1 Rc8 34.Nd1 Qc4 35.Qa5 
Qd4 36.Nxc3 Ra8 0-1

[Event "14th EUR-ch"]
[Site "Legnica POL"]
[Date "2013.05.06"]
[Round "2"]
[White "Grandelius, Nils"]
[Black "Zhigalko, Sergei"]
[Result "0-1"]
[WhiteElo "2556"]
[BlackElo "2660"]
[EventDate "2013.05.05"]
[PlyCount "82"]

1.e4 c5 2.Nf3 d6 3.d4 cxd4 4.Nxd4 Nf6 5.Nc3 a6 6.Bc4 e6 7.Bb3 Nbd7 8.O-O 
Nc5 9.Bg5 Be7 10.Re1 O-O 11.f4 h6 12.Bh4 Bd7 13.Qf3 b5 14.e5 dxe5 15.fxe5 
Nh7 16.Bxe7 Qxe7 17.Ne4 Ng5 18.Nxg5 Qxg5 19.c3 a5 20.Bc2 b4 21.c4 a4 22.
Rad1 Rac8 23.Qf2 Rfd8 24.Nf3 Qe7 25.Rd6 b3 26.axb3 axb3 27.Bb1 Nb7 28.Qb6 
Nxd6 29.exd6 Qf6 30.Ne5 Qf4 31.Bd3 Be8 32.g3 Qd2 33.Re2 Qd1+ 34.Kf2 Qh1 
35.Be4 Qd1 36.Bd3 f6 37.Qd4 Qh1 38.Ng4 e5 39.Nxf6+ gxf6 40.Qg4+ Kf8 41.Qe6
Qb7 0-1

[Event "14th EUR-ch"]
[Site "Legnica POL"]
[Date "2013.05.06"]
[Round "2"]
[White "Djukic, Nikola"]
[Black "Khairullin, Ildar"]
[Result "0-1"]
[WhiteElo "2555"]
[BlackElo "2657"]
[EventDate "2013.05.05"]
[PlyCount "82"]

1.e4 e5 2.Nf3 Nc6 3.Bb5 Nf6 4.O-O Nxe4 5.d4 Nd6 6.Bxc6 dxc6 7.dxe5 Nf5 8.
Qxd8+ Kxd8 9.Nc3 Bd7 10.h3 h6 11.b3 Kc8 12.Bb2 b6 13.Rad1 Ne7 14.Rd2 c5 
15.Nh2 Bc6 16.f4 Nf5 17.g4 Nd4 18.Ne2 Nxe2+ 19.Rxe2 c4 20.Bd4 Bb5 21.a4 
Ba6 22.b4 Bxb4 23.c3 Rd8 24.Nf3 Rxd4 25.Nxd4 Bxc3 26.Nb5 Bxb5 27.axb5 c6 
28.bxc6 Kc7 29.Rd1 b5 30.e6 fxe6 31.Rxe6 Kb6 32.Rd7 Rc8 33.Rb7+ Kc5 34.c7 
b4 35.Kf1 a5 36.Ra6 b3 37.Ra8 Kc6 38.Rxb3 cxb3 39.Rxc8 b2 40.Rb8 Kxc7 41.
Rb3 a4 0-1

[Event "14th EUR-ch"]
[Site "Legnica POL"]
[Date "2013.05.06"]
[Round "2"]
[White "Ivanisevic, Ivan"]
[Black "Goganov, Alexei"]
[Result "1-0"]
[WhiteElo "2655"]
[BlackElo "2552"]
[EventDate "2013.05.05"]
[PlyCount "75"]

1.e4 e5 2.Nf3 Nc6 3.Nc3 Nf6 4.Bb5 Bb4 5.O-O O-O 6.d3 d6 7.Bg5 Bxc3 8.bxc3 
Qe7 9.Re1 Nd8 10.d4 Ne6 11.Bd2 c5 12.Bd3 Nc7 13.Rb1 Rb8 14.h3 Bd7 15.Qc1 
Rfc8 16.Bg5 cxd4 17.cxd4 Ne6 18.Bh4 exd4 19.e5 dxe5 20.Nxe5 Nc5 21.Nc6 
Qxe1+ 22.Qxe1 Rxc6 23.Qe5 Re8 24.Qxd4 Nxd3 25.Bxf6 Nc5 26.Bxg7 Re4 27.Qc3 
b6 28.Rd1 Rg6 29.Bd4 Rd6 30.Kh2 Re8 31.Bxc5 Rxd1 32.Qg3+ Kh8 33.Qf3 bxc5 
34.Qxd1 Be6 35.Qd6 Rc8 36.a3 h6 37.g4 c4 38.c3 1-0

[Event "14th EUR-ch"]
[Site "Legnica POL"]
[Date "2013.05.06"]
[Round "2"]
[White "Jianu, Vlad-Cristian"]
[Black "Meier, Georg"]
[Result "1/2-1/2"]
[WhiteElo "2555"]
[BlackElo "2655"]
[EventDate "2013.05.05"]
[PlyCount "80"]

1.Nf3 d5 2.d4 Nf6 3.c4 e6 4.Nc3 Be7 5.Bg5 h6 6.Bh4 O-O 7.e3 b6 8.cxd5 Nxd5
9.Bxe7 Qxe7 10.Rc1 Bb7 11.Be2 Rc8 12.O-O c5 13.Nxd5 Bxd5 14.dxc5 Rxc5 15.
Rxc5 Qxc5 16.Qa4 Bc6 17.Qd4 Nd7 18.Qxc5 bxc5 19.Rc1 Rb8 20.b3 a5 21.Nd2 a4
22.f3 axb3 23.Nxb3 Ra8 24.Nxc5 Nxc5 25.Rxc5 Rxa2 26.Bc4 Ra1+ 27.Kf2 Bd7 
28.Rc7 Rc1 29.Rxd7 Rxc4 30.e4 Rc2+ 31.Kg3 g5 32.h4 gxh4+ 33.Kh3 Kg7 34.Rd8
Rb2 35.Ra8 Rc2 36.Rd8 Rb2 37.Ra8 Re2 38.Rb8 Rd2 39.Ra8 Re2 40.Rb8 Rd2 
1/2-1/2

[Event "14th EUR-ch"]
[Site "Legnica POL"]
[Date "2013.05.06"]
[Round "2"]
[White "Kurnosov, Igor"]
[Black "Sanikidze, Tornike"]
[Result "0-1"]
[WhiteElo "2654"]
[BlackElo "2549"]
[EventDate "2013.05.05"]
[PlyCount "79"]

1.e4 c5 2.Nf3 d6 3.d4 cxd4 4.Nxd4 Nf6 5.Nc3 Nc6 6.Bg5 e6 7.Qd2 a6 8.O-O-O 
Bd7 9.f3 Be7 10.Be3 b5 11.g4 Nxd4 12.Bxd4 O-O 13.g5 Nh5 14.Be3 b4 15.Ne2 
e5 16.Ng3 Nf4 17.Bxf4 exf4 18.Nh5 g6 19.Nf6+ Bxf6 20.gxf6 Qxf6 21.Qxb4 Be6
22.Rxd6 Qh4 23.Bxa6 Qf2 24.Qc3 Rfd8 25.Rxd8+ Rxd8 26.a4 Qg2 27.Rf1 Qxh2 
28.a5 h5 29.Bd3 h4 30.a6 h3 31.b4 Qg2 32.Qd2 Qg5 33.Kb2 Bc4 34.a7 Bxd3 35.
cxd3 Qe7 36.Ra1 Ra8 37.d4 h2 38.d5 Rxa7 39.Rxa7 Qe5+ 40.Kc2 0-1